000
00223 a2200097 4500
001
38607
100
_a
Tariq Ismail Sagar
245
_a
Double Crass
260
_a
Lahore
_b
Al Qamar Enterprises
_c
1997
090
_c
24477
_d
24477
942
_a
NUST-CAE
_c
M
_c
16088
999
_c
273680
_d
273680